|
|
|
|
| LEADER |
01169nam a2200313 u 4500 |
| 001 |
10049788 |
| 003 |
upatras |
| 005 |
20210117200421.0 |
| 008 |
040312s2003 be fre |
| 020 |
|
|
|a 2804126366
|
| 040 |
|
|
|a GR-PaULI
|c GR-PaULI
|
| 041 |
0 |
|
|a fre
|
| 082 |
0 |
4 |
|a 370.11
|
| 100 |
1 |
|
|a Bonniol, Jean-Jacques
|9 41447
|
| 245 |
1 |
0 |
|a Les modeles de l'evaluation
|b textes fondateurs avec commentaires
|c Jean-Jacques Bonniol, Michel Vial
|
| 250 |
|
|
|a 3e ed.
|
| 260 |
|
|
|a Bruxelles
|b De Boeck Universite
|c 2003
|
| 300 |
|
|
|a 368 p.
|c 24 cm.
|
| 490 |
0 |
|
|a Portefeuille : Series Pedagogie
|
| 504 |
|
|
|a Includes bibliographical references
|
| 650 |
|
4 |
|a Εκπαίδευση
|x Αξιολόγηση
|9 39469
|
| 650 |
|
4 |
|9 41448
|a Διδασκαλία
|x Εγχειρίδια κλπ.
|
| 700 |
1 |
|
|a Vial, Michel
|9 41449
|
| 760 |
0 |
|
|a Portefeuille
|
| 852 |
|
|
|a GR-PaULI
|b ΠΑΤΡΑ
|b ΠΤΔΕ
|k ΑΣΧΞ
|h 370.11 BON
|m 8752
|p 025000134153
|t 1
|
| 942 |
|
|
|2 ddc
|c BK15
|
| 952 |
|
|
|0 0
|1 0
|4 0
|6 370_110000000000000_BON
|7 0
|9 41588
|a PTDE
|b PTDE
|d 2016-04-24
|i 8752
|l 0
|o 370.11 BON
|p 025000134153
|r 2016-04-24 00:00:00
|t 1
|w 2016-04-24
|y BK15
|
| 998 |
|
|
|c ΤΣΕΝΕ
|d 2004-03
|
| 999 |
|
|
|c 26572
|d 26572
|